Устранение дефектов на оцифрованных изображениях; Молодежь и современные информационные технологии; Т. 2

Podrobná bibliografie
Parent link:Молодежь и современные информационные технологии: сборник трудов XII Всероссийской научно-практической конференции студентов, аспирантов и молодых ученых, г. Томск, 12-14 ноября 2014 г./ Национальный исследовательский Томский политехнический университет (ТПУ), Институт кибернетики (ИК) ; ред. кол. Е. А. Сикора [и др.].— , 2014
Т. 2.— 2014.— [С. 72-73]
Hlavní autor: Бенц А. С.
Korporativní autor: Национальный исследовательский Томский политехнический университет (ТПУ) Институт кибернетики (ИК) Кафедра вычислительной техники (ВТ)
Další autoři: Шахов В. С., Хаустов П. А. Павел Александрович
Shrnutí:Заглавие с титульного экрана
Jazyk:ruština
Vydáno: 2014
Edice:Информационные технологии в производстве и управлении
Témata:
On-line přístup:http://earchive.tpu.ru/handle/11683/20229
http://www.lib.tpu.ru/fulltext/c/2014/C04/V2/029.pdf
Médium: MixedMaterials Elektronický zdroj Kapitola
KOHA link:https://koha.lib.tpu.ru/cgi-bin/koha/opac-detail.pl?biblionumber=610777

MARC

LEADER 00000naa2a2200000 4500
001 610777
005 20231101132626.0
035 |a (RuTPU)RU\TPU\conf\8410 
035 |a RU\TPU\conf\8405 
090 |a 610777 
100 |a 20150204d2014 k y0rusy50 ca 
101 0 |a rus 
102 |a RU 
105 |a y z 101zy 
135 |a drgn ---uucaa 
181 0 |a i  
182 0 |a b 
200 1 |a Устранение дефектов на оцифрованных изображениях  |f А. С. Бенц, В. С. Шахов, П. А. Хаустов 
203 |a Текст  |c электронный 
225 1 |a Информационные технологии в производстве и управлении 
230 |a 1 компьютерный файл (pdf; 326 Kb) 
300 |a Заглавие с титульного экрана 
320 |a [Библиогр.: с. 73 (4 назв.)] 
337 |a Adobe Reader 
461 1 |0 (RuTPU)RU\TPU\conf\7802  |t Молодежь и современные информационные технологии  |o сборник трудов XII Всероссийской научно-практической конференции студентов, аспирантов и молодых ученых, г. Томск, 12-14 ноября 2014 г.  |o в 2 т.  |f Национальный исследовательский Томский политехнический университет (ТПУ), Институт кибернетики (ИК) ; ред. кол. Е. А. Сикора [и др.]  |d 2014 
463 0 |0 (RuTPU)RU\TPU\conf\7813  |t Т. 2  |v [С. 72-73]  |d 2014 
610 1 |a труды учёных ТПУ 
610 1 |a электронный ресурс 
610 1 |a устранение 
610 1 |a дефекты 
610 1 |a оцифрованные изображения 
610 1 |a изображения 
700 1 |a Бенц  |b А. С. 
701 1 |a Шахов  |b В. С. 
701 1 |a Хаустов  |b П. А.  |c российский ученый, специалист в области информационных систем  |c заведующий лабораторией Томского политехнического университета  |f 1990-  |g Павел Александрович  |2 stltpush  |3 (RuTPU)RU\TPU\pers\30104 
712 0 2 |a Национальный исследовательский Томский политехнический университет (ТПУ)  |b Институт кибернетики (ИК)  |b Кафедра вычислительной техники (ВТ)  |h 126  |2 stltpush  |3 (RuTPU)RU\TPU\col\18699 
801 2 |a RU  |b 63413507  |c 20210322  |g RCR 
856 4 |u http://earchive.tpu.ru/handle/11683/20229 
856 4 |u http://www.lib.tpu.ru/fulltext/c/2014/C04/V2/029.pdf 
942 |c BK